|
|
|
|
| LEADER |
00000nam0a2200000 4500 |
| 001 |
56184 |
| 005 |
20231101211604.0 |
| 035 |
|
|
|a (RuTPU)RU\TPU\book\58993
|
| 090 |
|
|
|a 56184
|
| 100 |
|
|
|a 20030925d1976 km y0rusy50 ca
|
| 101 |
0 |
|
|a rus
|
| 102 |
|
|
|a RU
|
| 105 |
|
|
|a a z 001zy
|
| 200 |
1 |
|
|a Инфракрасные спектры минералов
|f А. И. Болдырев
|
| 210 |
|
|
|a Москва
|c Недра
|d 1976
|
| 215 |
|
|
|a 199 с.
|c ил.
|
| 320 |
|
|
|a Библиогр.: с. 189-194(124 назв.)
|
| 320 |
|
|
|a Предметный указатель: с. 195-198
|
| 606 |
1 |
|
|a Минералы
|x Спектры инфракрасные
|x Исследование
|2 stltpush
|3 (RuTPU)RU\TPU\subj\43978
|9 63382
|
| 610 |
1 |
|
|a инфракрасное излучение
|
| 610 |
1 |
|
|a анализ
|
| 610 |
1 |
|
|a подготовка образцов
|
| 610 |
1 |
|
|a минералогия
|
| 610 |
1 |
|
|a инфракрасная спектроскопия
|
| 675 |
|
|
|a 549.08:54
|v 4
|
| 700 |
|
1 |
|a Болдырев
|b А. И.
|g Анатолий Иванович
|
| 801 |
|
1 |
|a RU
|b 63413507
|c 20030925
|g PSBO
|
| 801 |
|
2 |
|a RU
|b 63413507
|c 20180212
|g PSBO
|
| 942 |
|
|
|c BK
|